Statistics for ASEAN Countries on a Map

Click here to take the quiz!

General Stats

  • This quiz has been taken 415 times
  • The average score is 11 of 12

Answers on the Map

Answers color-coded by a green-red scale on the quiz's map according to % correct below.
 

Answer Stats

HintAnswer% Correct
Member StateIndonesia
98%
Member StateThailand
98%
Member StateVietnam
97%
Member StateCambodia
96%
Member StateLaos
96%
Member StateMyanmar
96%
Member StateMalaysia
95%
Member StatePhilippines
95%
Member StateBrunei
92%
Member StateSingapore
92%
ObserverEast Timor
91%
ObserverPapua New Guinea
89%

Score Distribution

Percentile by Number Answered

Percent of People with Each Score

Your Score History

You have not taken this quiz